000 01009nam a2200289 a 4500
003 DO-SdBNP
005 20220823142140.0
007 ta
008 220823e2018 dr ao||gr|||| 00| ddspa d
020 _a9789945804843
040 _aDO-SdBNP
_bspa
_cBNPHU
082 4 _222
_bR621m
245 _aMiches, ponle esperanzas. /
_cJulissa Riveras; trad., Rafael Jovine; Fotografías, Mario Grullón y Toni Gutierrez
260 _aSanto Domingo :
_bAmigo del Hogar,
_c2018
300 _a166 p. :
_bil., ;
_c23 c.m.
500 _aIncluye datos biográficos de la autora en la contracubierta.
546 _aVersión español e inglés.
590 _aInventariado 2022 / MF
650 4 _969106
_aDramaturgia
_xRepública Dominicana
650 4 _969088
_aArte Teatral
_xRepública Dominicana
650 4 _925438
_aActuación Teatral
700 1 _aJovine, Rafael,
_etrad.
_982225
700 1 _aGrullón, Mario
_efotogr.
_982226
700 1 _aGutiérrez, Manuel
_efotogr.
_982227
910 _aMFeliz
942 _2ddc
_cLBS1
999 _c52303
_d52303